| 000 | 00528nam a2200205Ia 4500 | ||
|---|---|---|---|
| 001 | 14308 | ||
| 003 | GE_BSU | ||
| 008 | 181216s||||||||xx |||||||||||||| ||und|| | ||
| 020 | _a0855330961 | ||
| 040 | _cGE_BSU | ||
| 080 | _a646/649 | ||
| 245 | 4 | _aThe Handyman's handbook. The professional approach to go-it yourself | |
| 260 | _aLondon | ||
| 260 | _bMitchell Beazley | ||
| 260 | _c1976 | ||
| 300 | _a232p.30cm. | ||
| 653 | _aThe Handyman's handbook. | ||
| 653 | _aThe professional approach to go-it yourself | ||
| 942 | _cBK | ||
| 999 |
_c47446 _d47446 |
||